LDR 01263naa#a2200205#i#450# 001 RU\\bibl\20251 005 20260701062744.3 100 ## _a20260630b2026####ek#y0rusy0150####ca 102 ## _aRU 200 1# _aОБ АВТОМАТИЗИРОВАННОЙ СИСТЕМЕ МОНИТОРИНГА СОСТОЯНИЯ И ПРОДУКТИВНОСТИ СОРТОВЫХ СРЕДОЗАЩИТНЫХ КУЛЬТУР НА ОСНОВЕ МУЛЬТИСПЕКТРАЛЬНЫХ СПУТНИКОВЫХ ДАННЫХ СРЕДНЕГО РАЗРЕШЕНИЯ _eСтатья/тезисы конференции 210 1# _aВоронеж _cВоронежский государственный лесотехнический университет имени Г.Ф. Морозова _d2026 215 ## _a7 с. 608 ## _aСтатья/тезисы конференции _2local 675 ## _aПрименение дистанционного зондирования. 528.88 _aЛесное хозяйство. Лесоводство. 630 _z 700 #1 _aНовиков _gА. И. 700 #1 _aНовикова _gТатьяна Петровна 700 #1 _aРебко _gСергей Владимирович 700 #1 _aБогомолов _gА. А. 700 #1 _aКокорева _gС. В. 856 4# _abibl.vgltu.ru _u